000 00432nam a2200133Ia 4500
008 220217s9999 xx 000 0 und d
245 0 _aMethods of testing vulcanized rubber. Part A6: Determination of compression set
260 _aLondon
260 _c1969
_bBritish Standards Institution
490 _aBritish standards
500 _aStandard number: BS 903: Part A6
650 _aRubber vulcanized, compression set
942 _cST
999 _c73258
_d73258